<?xml version="1.0" encoding="UTF-8"?>
<record
    xmlns:xsi="http://www.w3.org/2001/XMLSchema-instance"
    xsi:schemaLocation="http://www.loc.gov/MARC21/slim http://www.loc.gov/standards/marcxml/schema/MARC21slim.xsd"
    xmlns="http://www.loc.gov/MARC21/slim">

  <leader>01728nam0a2200397   4500</leader>
  <controlfield tag="001">RU\NLR\bibl\279854</controlfield>
  <controlfield tag="005">20250620135044.0</controlfield>
  <datafield tag="021" ind1=" " ind2=" ">
    <subfield code="a">RU</subfield>
    <subfield code="b">2002-7459</subfield>
    <subfield code="9">368</subfield>
  </datafield>
  <datafield tag="035" ind1=" " ind2=" ">
    <subfield code="a">(NLR Aleph) 000275348</subfield>
  </datafield>
  <datafield tag="090" ind1=" " ind2=" ">
    <subfield code="a">1610599</subfield>
    <subfield code="c">1610599</subfield>
  </datafield>
  <datafield tag="100" ind1=" " ind2=" ">
    <subfield code="a">20020613d2001    |||y0rusy50      ca</subfield>
  </datafield>
  <datafield tag="101" ind1="0" ind2=" ">
    <subfield code="a">rus</subfield>
  </datafield>
  <datafield tag="102" ind1=" " ind2=" ">
    <subfield code="a">RU</subfield>
  </datafield>
  <datafield tag="105" ind1=" " ind2=" ">
    <subfield code="a">a   |||||||||</subfield>
  </datafield>
  <datafield tag="200" ind1="1" ind2=" ">
    <subfield code="a">&#x41D;&#x438;&#x437;&#x43A;&#x43E;&#x44D;&#x43D;&#x435;&#x440;&#x433;&#x435;&#x442;&#x438;&#x447;&#x435;&#x441;&#x43A;&#x438;&#x435; &#x430;&#x434;&#x434;&#x438;&#x442;&#x438;&#x432;&#x43D;&#x44B;&#x435; &#x43F;&#x440;&#x43E;&#x446;&#x435;&#x441;&#x441;&#x44B; &#x432; &#x43A;&#x43E;&#x43C;&#x43F;&#x43E;&#x437;&#x438;&#x446;&#x438;&#x43E;&#x43D;&#x43D;&#x44B;&#x445; &#x43C;&#x430;&#x442;&#x435;&#x440;&#x438;&#x430;&#x43B;&#x430;&#x445; &#x438; &#x43A;&#x43E;&#x43D;&#x434;&#x435;&#x43D;&#x441;&#x438;&#x440;&#x43E;&#x432;&#x430;&#x43D;&#x43D;&#x44B;&#x445; &#x441;&#x440;&#x435;&#x434;&#x430;&#x445;</subfield>
    <subfield code="f">&#x413;. &#x41F;. &#x41D;&#x43E;&#x432;&#x438;&#x43A;&#x43E;&#x432;, &#x412;. &#x412;. &#x41A;&#x440;&#x438;&#x448;&#x442;&#x43E;&#x43F;</subfield>
  </datafield>
  <datafield tag="210" ind1=" " ind2=" ">
    <subfield code="a">&#x425;&#x430;&#x431;&#x430;&#x440;&#x43E;&#x432;&#x441;&#x43A;</subfield>
    <subfield code="c">&#x418;&#x437;&#x434;-&#x432;&#x43E; &#x414;&#x412;&#x413;&#x423;&#x41F;&#x421;</subfield>
    <subfield code="d">2001</subfield>
  </datafield>
  <datafield tag="215" ind1=" " ind2=" ">
    <subfield code="a">2, [1] &#x441;.</subfield>
    <subfield code="c">&#x438;&#x43B;.</subfield>
    <subfield code="d">20</subfield>
  </datafield>
  <datafield tag="225" ind1="1" ind2=" ">
    <subfield code="a">&#x41F;&#x440;&#x435;&#x43F;&#x440;&#x438;&#x43D;&#x442;</subfield>
    <subfield code="f">&#x41C;-&#x432;&#x43E; &#x43F;&#x443;&#x442;&#x435;&#x439; &#x441;&#x43E;&#x43E;&#x431;&#x449;. &#x420;&#x43E;&#x441;. &#x424;&#x435;&#x434;&#x435;&#x440;&#x430;&#x446;&#x438;&#x438;, &#x414;&#x430;&#x43B;&#x44C;&#x43D;&#x435;&#x432;&#x43E;&#x441;&#x442;. &#x433;&#x43E;&#x441;. &#x443;&#x43D;-&#x442; &#x43F;&#x443;&#x442;&#x435;&#x439; &#x441;&#x43E;&#x43E;&#x431;&#x449;.</subfield>
    <subfield code="v">N 35</subfield>
  </datafield>
  <datafield tag="313" ind1=" " ind2=" ">
    <subfield code="a">&#x43D;&#x430; &#x43E;&#x441;&#x43D;&#x43E;&#x432;&#x435; &#x41F;&#x422;&#x424;&#x42D;</subfield>
  </datafield>
  <datafield tag="320" ind1=" " ind2=" ">
    <subfield code="a">&#x411;&#x438;&#x431;&#x43B;&#x438;&#x43E;&#x433;&#x440;.: &#x441;. 22-23</subfield>
  </datafield>
  <datafield tag="606" ind1="0" ind2=" ">
    <subfield code="a">&#x41A;&#x43E;&#x43C;&#x43F;&#x43E;&#x437;&#x438;&#x442;&#x43D;&#x44B;&#x435; &#x43C;&#x430;&#x442;&#x435;&#x440;&#x438;&#x430;&#x43B;&#x44B; &#x43D;&#x430; &#x43E;&#x441;&#x43D;&#x43E;&#x432;&#x435; &#x43F;&#x43E;&#x43B;&#x438;&#x442;&#x435;&#x442;&#x440;&#x430;&#x444;&#x442;&#x43E;&#x440;&#x44D;&#x442;&#x438;&#x43B;&#x435;&#x43D;&#x430;</subfield>
    <subfield code="9">1778276</subfield>
    <subfield code="3">RU\NLR\auth\66799147</subfield>
  </datafield>
  <datafield tag="606" ind1="0" ind2=" ">
    <subfield code="a">&#x41A;&#x43E;&#x43C;&#x43F;&#x43E;&#x437;&#x438;&#x446;&#x438;&#x43E;&#x43D;&#x43D;&#x44B;&#x435; &#x43C;&#x430;&#x442;&#x435;&#x440;&#x438;&#x430;&#x43B;&#x44B; &#x43D;&#x430; &#x43E;&#x441;&#x43D;&#x43E;&#x432;&#x435; &#x43F;&#x43E;&#x43B;&#x438;&#x442;&#x435;&#x442;&#x440;&#x430;&#x444;&#x442;&#x43E;&#x440;&#x44D;&#x442;&#x438;&#x43B;&#x435;&#x43D;&#x430;</subfield>
    <subfield code="9">2251270</subfield>
    <subfield code="3">RU\NLR\auth\661350335</subfield>
  </datafield>
  <datafield tag="675" ind1=" " ind2=" ">
    <subfield code="a">621.730.36</subfield>
    <subfield code="v">3</subfield>
    <subfield code="z">rus</subfield>
  </datafield>
  <datafield tag="686" ind1=" " ind2=" ">
    <subfield code="a">55</subfield>
    <subfield code="2">rugasnti</subfield>
  </datafield>
  <datafield tag="686" ind1=" " ind2=" ">
    <subfield code="a">34.5+34.6</subfield>
    <subfield code="2">rubbk</subfield>
  </datafield>
  <datafield tag="686" ind1=" " ind2=" ">
    <subfield code="a">&#x41B;719.222.12</subfield>
  </datafield>
  <datafield tag="700" ind1=" " ind2="1">
    <subfield code="a">&#x41D;&#x43E;&#x432;&#x438;&#x43A;&#x43E;&#x432;</subfield>
    <subfield code="b">&#x413;. &#x41F;.</subfield>
    <subfield code="g">&#x413;&#x440;&#x438;&#x433;&#x43E;&#x440;&#x438;&#x439; &#x41F;&#x430;&#x432;&#x43B;&#x43E;&#x432;&#x438;&#x447;</subfield>
    <subfield code="4">070</subfield>
  </datafield>
  <datafield tag="701" ind1=" " ind2="1">
    <subfield code="a">&#x41A;&#x440;&#x438;&#x448;&#x442;&#x43E;&#x43F;</subfield>
    <subfield code="b">&#x412;. &#x412;.</subfield>
    <subfield code="g">&#x412;&#x438;&#x43A;&#x442;&#x43E;&#x440; &#x412;&#x43B;&#x430;&#x434;&#x438;&#x43C;&#x438;&#x440;&#x43E;&#x432;&#x438;&#x447;</subfield>
    <subfield code="4">070</subfield>
  </datafield>
  <datafield tag="801" ind1=" " ind2="0">
    <subfield code="a">RU</subfield>
    <subfield code="b">RKP</subfield>
    <subfield code="c">20020613</subfield>
    <subfield code="g">PSBO</subfield>
  </datafield>
  <datafield tag="801" ind1=" " ind2="1">
    <subfield code="a">RU</subfield>
    <subfield code="b">RKP</subfield>
    <subfield code="c">20020613</subfield>
  </datafield>
  <datafield tag="801" ind1=" " ind2="2">
    <subfield code="a">RU</subfield>
    <subfield code="b">NLR</subfield>
    <subfield code="c">20020717</subfield>
    <subfield code="g">rcr</subfield>
  </datafield>
  <datafield tag="942" ind1=" " ind2=" ">
    <subfield code="c">BOOK</subfield>
  </datafield>
  <datafield tag="980" ind1=" " ind2=" ">
    <subfield code="a">NB</subfield>
  </datafield>
  <datafield tag="980" ind1=" " ind2=" ">
    <subfield code="a">NBR</subfield>
  </datafield>
  <datafield tag="995" ind1=" " ind2=" ">
    <subfield code="5">2002-06-21</subfield>
    <subfield code="a">ad</subfield>
    <subfield code="b">NLR01</subfield>
    <subfield code="c">NLR01</subfield>
    <subfield code="e">RF8</subfield>
    <subfield code="f">289460</subfield>
    <subfield code="k">2002-4/7389</subfield>
    <subfield code="o">0</subfield>
    <subfield code="r">BOOK</subfield>
    <subfield code="s">200247389_</subfield>
  </datafield>
  <datafield tag="995" ind1=" " ind2=" ">
    <subfield code="5">2002-06-21</subfield>
    <subfield code="a">ad</subfield>
    <subfield code="b">NLR01</subfield>
    <subfield code="c">NLR01</subfield>
    <subfield code="e">RF8</subfield>
    <subfield code="f">289461</subfield>
    <subfield code="k">2002-4/7389</subfield>
    <subfield code="o">0</subfield>
    <subfield code="r">BOOK</subfield>
    <subfield code="s">200247389_</subfield>
  </datafield>
</record>
